| 000 | 00456nam a22001817a 4500 | ||
|---|---|---|---|
| 003 | LC | ||
| 005 | 20160310103211.0 | ||
| 008 | 121116t xxu||||| |||| 00| 0 eng d | ||
| 020 | _a9780446604666 | ||
| 050 |
_aPS 3558 _b.H623 2001 |
||
| 082 |
_aFIC _bH52s 1999 |
||
| 100 | _aHiaasen, Carl | ||
| 245 |
_aSick puppy _cCarl Hiaasen |
||
| 260 |
_aNew York : _bWarner Books, Inc, _c2001. |
||
| 300 |
_a513 p. : _c17 cm. |
||
| 942 |
_2lcc _cBK |
||
| 999 |
_c11571 _d11571 |
||